Understanding construction drawings

Bibliographic Details
Main Author: Huth, Mark W.
Other Authors: Wells, Walter
Format: Book
Published: New York : Delmar (Thomson learning) , 2005
Edition:4th. ed.
Subjects:

MARC

LEADER 00000cam a2200000 7i4500
001 0000016192
005 20060111.0
020 |a 1-4018-6269-1 
040 |a INS 
090 0 0 |a T355.   |b H87 2005 
100 1 |a Huth, Mark W. 
245 1 0 |a Understanding construction drawings   |c Mark W. Huth 
250 |a 4th. ed. 
260 |a New York :   |b Delmar (Thomson learning) ,   |c 2005 
300 |a viii :   |b 367p. ;   |c 28cm.+22 sheet. 
650 0 0 |a Dwellings   |x drawings 
650 0 0 |a Structural drawing 
700 1 |a Wells, Walter 
999 |a 0000016559   |b BOOK   |c Open Shelf   |e Default branch